000 01223nam a2200229Ia 4500
003 Ost
005 20260507075409.0
008 260507s9999||||xx |||||||||||||| ||und||
040 _cfsecg
041 _aara
082 _a500
100 _aناصر، صفاء على
_eمؤلف
245 0 _aالرياضيات والتحليل العددي /
_c صفاء على ناصر
260 _aعمان:
_bدار اليازوري العلمية للنشر والتوزيع,
_c2008
300 _a368 صفحة؛
_bإيضاحات ؛
_c24 سم
504 _aالمراجع ص.367
520 _aيضم نظرية المجموعات وطرق العد، المتجهات والمصفوفات والمحددات، التفاضل والتكامل ،التسلسلات غير المتناهية، المعادلات التفاضلية من المرتبة الاولى، التحليل العددي، حل المعادلات الخطية واللاخطية، التفاضل والتكامل العددي، الحلول العددية للمعادلات التفاضلية
653 _aالتفاضل والتكامل
653 _aالرياضيات
653 _aالرياضيات- التحليل العددي
942 _cكتاب
999 _c44359
_d44359